| 000 | 00814nas a2200277 4500 | ||
|---|---|---|---|
| 001 | BR2012003936 | ||
| 003 | BR-BrBNA | ||
| 005 | 20231205120645.0 | ||
| 007 | ta | ||
| 008 | 230509b bl.|||p| |||| 00| 00por d | ||
| 040 |
_aBR-BrBNA _bpor _cBiblioteca Nacional de Agricultura |
||
| 041 | _a(Pt) | ||
| 072 | _aF30; k10 | ||
| 100 | 1 | _aSilva, S.P. | |
| 100 | 1 | _aMaêda, J.M. | |
| 100 | 1 | _aPereira, M.B. | |
| 100 | 1 | _aPetali Júnior, A. | |
| 245 | 1 | _aDivergência morfológica entre matrizes de Euterpe edulis Mart. | |
| 650 | _aFLORESTA TROPICAL | ||
| 650 | _aGENÉTICA VEGETAL | ||
| 650 | _aEUTERPE EDULIS | ||
| 650 | _aPALMITO | ||
| 773 | 0 |
_tFloresta e Ambiente (Brazil) _xISSN 1415-0980 _g(2005), v. 12(2) p. 65-70 _wBR2012003936 |
|
| 909 |
_a202311 _bLúcia _c55 _dLúcia Elande |
||
| 942 |
_2AGRIS _n0 _cANA |
||
| 999 |
_c219603 _d219603 |
||